| 000 | 02029cam a2200517Ma 4500 | ||
|---|---|---|---|
| 003 | PE-LiUPU | ||
| 005 | 20250731172847.0 | ||
| 008 | 080722s2007 miua b 001 0 eng d | ||
| 020 | _a0310273331 | ||
| 020 | _a9780310273332 | ||
| 035 | _a(Sirsi) i9780310273332 | ||
| 040 |
_aPE-LiUPU _bspa _cPE-LiUPU _erda |
||
| 049 | _aPRUA | ||
| 082 | 0 | 0 |
_a220.6 _bT4 _222 |
| 245 | 0 | 0 |
_aThree views on the New Testament use of the Old Testament / _cKenneth Berding, editor general, Jonathan Lunde, editor general. |
| 264 |
_aGrand Rapids, Michigan. : _bZondervan, _c2007. |
||
| 300 |
_a256 páginas : _bilustraciones ; _c21 centímetros. |
||
| 336 |
_atext _2rdacontent |
||
| 337 |
_aunmediated _2rdamedia |
||
| 338 |
_avolume _2rdacarrier |
||
| 490 | 1 | _aCounterpoints series. Bible & theology. | |
| 504 | _aÍndice : páginas 244-256. | ||
| 505 | 0 | _aSingle meaning, unified referents / Walter C. Kaiser, Jr. -- Single meaning, multiple contexts and referents / Darrell L. Bock -- Fuller meaning, single goal / Peter Enns. | |
| 526 | _aSEG42 | ||
| 526 | _aSEG41 | ||
| 526 | _aSEG40 | ||
| 526 | _aSEG39 | ||
| 526 | _aP94 | ||
| 526 | _aP87 | ||
| 526 | _aP86 | ||
| 526 | _aP85 | ||
| 526 | _aP77 | ||
| 526 | _aP76 | ||
| 526 | _aP35 | ||
| 630 | 0 | 0 |
_aBiblia. _pNuevo Testamento _xInterpretación, etc. |
| 630 | 0 | 0 |
_aBiblia. _pNuevo Testamento _xRelación con el Antiguo testamento. |
| 700 | 1 |
_aBerding, Kenneth. _eeditor |
|
| 700 | 1 |
_aLunde, Jonathan, _d1960- |
|
| 910 |
_ajck _bbpc _cbpc _d20160606 |
||
| 942 |
_2ddc _cBOOK |
||
| 949 |
_a220.6 T4 _wDEWEY _c1 _i73397 _d2016-10-6 _e2016-10-4 _lCCODEBUL1 _mBUL _n6 _p19.99 _r0 _sY _tBOOK _u2016-6-6 _xTEOLOGIA _PP35 _0COMPRA _o.STAFF. Colección General |
||
| 994 |
_aC0 _bPEPRU |
||
| 596 | _a1 | ||
| 999 |
_a220.6 T4 _wDEWEY _c9715 _i73397 _d9715 _e2019-6-11 _f2021-11-9 _g5 _lCCODEBUL1 _mBUL _n7 _p19.99 _r0 _sY _tBOOK _u2016-6-6 _xTEOLOGIA _PP35 _0COMPRA _o.STAFF. Colección Teología |
||
| 980 |
_81 _gALBERTO SANCHEZ Responsable de Automatización |
||